<?xml version="1.0" encoding="UTF-8"?>
<record
    xmlns:xsi="http://www.w3.org/2001/XMLSchema-instance"
    xsi:schemaLocation="http://www.loc.gov/MARC21/slim http://www.loc.gov/standards/marcxml/schema/MARC21slim.xsd"
    xmlns="http://www.loc.gov/MARC21/slim">

  <leader>01217nam a2200277 i 4500</leader>
  <controlfield tag="001">189233</controlfield>
  <controlfield tag="003">ES-MaACL</controlfield>
  <controlfield tag="005">20240415105056.0</controlfield>
  <controlfield tag="008">190429s2017    sp ach       |||| |dspa d</controlfield>
  <datafield tag="020" ind1=" " ind2=" ">
    <subfield code="a">978-84-947922-0-5</subfield>
  </datafield>
  <datafield tag="245" ind1="0" ind2="3">
    <subfield code="a">La tradici&#xF3;n trascendida </subfield>
    <subfield code="b">: "C&#xE1;ntico" y su &#xE9;poca / </subfield>
    <subfield code="c">edici&#xF3;n de Balbina Prior.</subfield>
  </datafield>
  <datafield tag="260" ind1=" " ind2=" ">
    <subfield code="a">[Madrid] : </subfield>
    <subfield code="b">Ediciones de la Revista &#xC1;urea, </subfield>
    <subfield code="c">[2017]</subfield>
  </datafield>
  <datafield tag="300" ind1=" " ind2=" ">
    <subfield code="a">307 p. : </subfield>
    <subfield code="b">il. col., retr. ; </subfield>
    <subfield code="c">21 cm.</subfield>
  </datafield>
  <datafield tag="490" ind1="1" ind2=" ">
    <subfield code="a">Ediciones de la Revista &#xC1;urea ; </subfield>
    <subfield code="v">4</subfield>
  </datafield>
  <datafield tag="500" ind1=" " ind2=" ">
    <subfield code="a">&#xCD;ndices.</subfield>
  </datafield>
  <datafield tag="505" ind1="8" ind2=" ">
    <subfield code="a">Contiene: ; </subfield>
    <subfield code="t">C&#xE1;ntico ; </subfield>
    <subfield code="t">Ricardo Molina ; </subfield>
    <subfield code="t">Juan Bernier ; </subfield>
    <subfield code="t">Pablo Garc&#xED;a Baena ; </subfield>
    <subfield code="t">Mario L&#xF3;pez ; </subfield>
    <subfield code="t">Vicente N&#xFA;&#xF1;ez ; </subfield>
    <subfield code="t">Julio Aumente ; </subfield>
    <subfield code="t">Jos&#xE9; de Miguel ; </subfield>
    <subfield code="t">Gin&#xE9;s Li&#xE9;bana ; </subfield>
    <subfield code="t">Miguel del Moral ; </subfield>
    <subfield code="t">Roc&#xED;o Moragas ;</subfield>
    <subfield code="t">Poemas para C&#xE1;ntico</subfield>
  </datafield>
  <datafield tag="599" ind1=" " ind2=" ">
    <subfield code="a">Con facs&#xED;miles de las cub. de C&#xE1;ntico.</subfield>
  </datafield>
  <datafield tag="630" ind1="0" ind2="4">
    <subfield code="a">C&#xE1;ntico (C&#xF3;rdoba)</subfield>
    <subfield code="9">166920</subfield>
  </datafield>
  <datafield tag="650" ind1="0" ind2="4">
    <subfield code="a">Poes&#xED;a-</subfield>
    <subfield code="y">S.XX</subfield>
    <subfield code="9">16200</subfield>
  </datafield>
  <datafield tag="700" ind1="1" ind2=" ">
    <subfield code="a">Prior, Balbina.</subfield>
    <subfield code="9">141787</subfield>
  </datafield>
  <datafield tag="830" ind1="0" ind2=" ">
    <subfield code="a">Ediciones de la Revista &#xC1;urea ; </subfield>
    <subfield code="v">4</subfield>
    <subfield code="9">193269</subfield>
  </datafield>
  <datafield tag="852" ind1=" " ind2=" ">
    <subfield code="a">ES-MaACL</subfield>
    <subfield code="j">A-14522</subfield>
    <subfield code="9">196371</subfield>
    <subfield code="b">R.152021</subfield>
    <subfield code="c">DEPO1</subfield>
    <subfield code="d">Olim: N-7522</subfield>
    <subfield code="h">Donaci&#xF3;n: Miguel Losada</subfield>
  </datafield>
  <datafield tag="903" ind1=" " ind2=" ">
    <subfield code="9">74261</subfield>
    <subfield code="a">Losada, Miguel</subfield>
    <subfield code="e">dnr</subfield>
  </datafield>
  <datafield tag="942" ind1=" " ind2=" ">
    <subfield code="2">udc</subfield>
    <subfield code="c">MONOGRAFIA</subfield>
  </datafield>
  <datafield tag="999" ind1=" " ind2=" ">
    <subfield code="c">189233</subfield>
    <subfield code="d">189233</subfield>
  </datafield>
  <datafield tag="952" ind1=" " ind2=" ">
    <subfield code="0">0</subfield>
    <subfield code="1">0</subfield>
    <subfield code="2">udc</subfield>
    <subfield code="4">0</subfield>
    <subfield code="7">0</subfield>
    <subfield code="a">ATENEOM</subfield>
    <subfield code="b">ATENEOM</subfield>
    <subfield code="c">DEPO1</subfield>
    <subfield code="d">2019-04-29</subfield>
    <subfield code="e">DONACION</subfield>
    <subfield code="l">0</subfield>
    <subfield code="o">A-14522</subfield>
    <subfield code="p">1200433</subfield>
    <subfield code="r">2023-02-23 00:00:00</subfield>
    <subfield code="w">2023-02-23</subfield>
    <subfield code="y">MONOGRAFIA</subfield>
  </datafield>
</record>
